Statistics for San Andreas Fault Counties with a Map

Click here to take the quiz!

General Stats

  • This quiz has been taken 21 times
  • The average score is 7 of 14

Answers on the Map

Answers color-coded by a green-red scale on the quiz's map according to % correct below.
Loading ...
 

Answer Stats

County% Correct
Los Angeles
95%
Riverside
70%
San Bernardino
70%
Monterey
60%
Imperial
55%
Kern
55%
Santa Clara
55%
Marin
50%
San Mateo
45%
Mendocino
40%
San Benito
40%
Sonoma
40%
San Luis Obispo
35%
Santa Cruz
30%

Score Distribution

Percentile by Number Answered

Percent of People with Each Score

Your Score History

You have not taken this quiz